000 00528nam a2200205Ia 4500
003 OSt
005 20230327110048.0
008 210423s2007 xx 000 0 und d
020 _a8188646458
040 _cAL
041 _aeng
082 _a541.242
_223
_bGOPM
100 _aGOPINATHAN (M S);RAMAKRISHNAN (V).
_978177
245 _aGroup theory in chemistry.
260 _aJalander
_bVishal Publishing Co
_c2007
300 _ax,154
_bPB
365 _b84
_cINR
906 _achemistry. ; Group ; theory
942 _2ddc
_cBK
999 _c154115
_d154115